000 00482nam a2200181Ia 4500
005 20250326141109.0
008 250326s9999 xx 000 0 und d
037 _aTextbook
040 _aFMSL
_beng
_cFMSL
041 _aeng
_2eng
084 _qFMSL
100 _aSkyrme D J
_9741934
245 0 _aKnowledge networking: creating the collaborative
_cSkyrme D J
260 _aDelhi
_bDelhi, Replika Press
_c1999
300 _a311p
942 _cTB
999 _c1288690
_d1288690